000 00345nam a2200145 i 4500
001 bg
100 1 _aWOLSKI, Zbigniew
245 0 _aTechnologia robót malarskich /
_cZbigniew Wolski.
250 _aWyd.4 uaktual.
260 _aWarszawa,
_c1975.
040 _cBPK
041 _apol
942 _cKS
008 s pl f |000 0 pol
999 _c16233
_d16233
856 _uhttp://koha.tu.koszalin.pl/cgi-bin/koha/opac-detail.pl?biblionumber=16233
_yKatalog online BPK